01106 2200193 4500001002100000005001500021035002000036008004100056245006700097100002800164250000600192260003100198300001100229084001400240082000800254650001000262520062800272990001200900INLIS00000000000113220240527093520 a0010-0524000367240527 1 1 aPutriku, Serigala Tidak Kenal Setia /cKhalil Bin Ibrahim Amin aKhalil Bin Ibrahim Amin a1 aBekasi :bDarul Haq,c2002 a68 hlm a813 KHA p a813 4aFiksi aSeorang penyair berkata: Ibu adalah sekolah bagi anak-anak, bila engkau persiapkan berarti engkau telah mempersiapkan bangsa yang baik akhlaknya .Namun sekarang banyak wanita yang tidak mengenali kemuliaan, kehormatan dan kesucian dirinya sehingga menjadi wanita yang tidak bermartabat dan murahan. Mereka menjajakan harga diri dan kesucian di jalan-jalan tanpa ada perasaan risih maupun malu, sehingga menjadi mangsa serigala yang berbadan manusia.Buku yang sarat dengan nasihat ini, janganlah dilewatkan dan renungkanlah isinya agar anda tidak menyesal dalam hidup di dunia ini maupun di akhirat kelak.Semoga bermanfaat. a0744110